000 00675nam a2200229Ia 4500
003 OSt
005 20221006164554.0
006 a|||||r|||| 00| 0
007 ta
008 221006b |||||||| |||| 00| 0 hin d
024 _a4,749
037 _cTextual
040 _aFML
_cFML
_bhin
041 _2hin
_ahin
082 _aNRV33wN20, Q5
100 _ajohari Renu Au.
_9677360
245 0 _aPadambhushan Pt. Shamta Prasad Gudai maharaj
_b Vyaktitva Evam Krititva
260 _aNew Delhi
_bKanishk Publishers and Distributors India
_c2015
300 _a360
_ccm.
942 _hNRV33wN20, Q5
_cTEXL
_2CC
999 _c1117716
_d1117716